000 00420nam a2200169Ia 4500
008 230711s9999||||xx |||||||||||||| ||und||
020 _a978-81-291-1377-1
041 _aENG
082 _a720.92
_bSH-A
100 _aSharma,Sangeet
245 0 _aArchitecture Life and Me
250 _a1st Ed.
260 _c2008
_aNew Delhi
_bRupa Publications India Pvt.Ltd
300 _a164p.
650 _aArchitecture
942 _cBK
999 _c6431
_d6431